01248nam a2200289Ia 4500001001200000003000800012006001900020007001500039008004100054020001500095040002100110035002000131050002300151100003500174245012900209260004500338300002600383504005100409533015200460650005200612650004700664650005800711655002900769710001700798856012600815999001700941ebr10039019CaPaEBRm u cr cn|||||||||030630s2002 aluab sb 001 0 eng d z1588381102 aCaPaEBRcCaPaEBR a(OCoLC)5347187914aLA231b.M36 2002eb1 aMathews, Forrest David,d1935-10aWhy public schools? Whose public schools?h[electronic resource] :bwhat early communities have to tell us /cDavid Mathews. aMontgomery, AL :bNewSouth Books,c2002. a232 p. :bill., maps. aIncludes bibliographical references and index. aElectronic reproduction.bPalo Alto, Calif. :cebrary,d2005.nAvailable via World Wide Web.nAccess may be limited to ebrary affiliated libraries. 0aPublic schoolszAlabamaxHistoryy19th century. 0aEducationzAlabamaxHistoryy19th century. 0aCommunity and schoolzAlabamaxHistoryy19th century. 7aElectronic books.2local2 aebrary, Inc.40uhttp://site.ebrary.com/lib/rucke/Doc?id=10039019zAn electronic book accessible through the World Wide Web; click to view c58149d58149